000 00540nam a2200181 i 4500
001 86913
003 ES-MaACL
005 20230906175542.0
007 t|
008 041216s1973 sp ||||1| spa d
100 1 _aKolosimo, Peter.
_968530
245 1 0 _aAstronaves en la Prehistoria /
_cPeter Kolosimo ; [traducción de Domingo Pruna].
250 _a[1ª ed.].
260 _a[Barcelona] :
_bPlaza y Janés,
_c[1973]
300 _a259 p., 56 lám. ;
_c22 cm.
700 1 _aPruna, Domingo.
_994081
852 _aES-MaACL
_jC-54731
_bR.87246
999 _c86913
_d86913